000 00452nam a22001577a 4500
003 SISC
005 20160426152950.0
008 160426b xxu||||| |||| 00| 0 eng d
020 _a9781405844222
050 _aQA 11.531 St896c 2009
100 _aStraker, Anita
245 _aExploring maths 6 :
_bclass book
_cAnita Straker
260 _aLondon :
_bPearson Education Limited
_c2009
300 _a407 pages.,
_bcol.,ill.,
_c28 cm.
942 _2lcc
_cBK
999 _c293674
_d293674